駅名に「鶴」を含む駅 - Statistics

General Stats
  • This quiz has been taken 182 times
  • The average score is 17 of 36
Answer Stats
Hint Answer % Correct
宇都宮市 鶴田
93%
鶴岡市 鶴岡
90%
鶴ヶ島市 鶴ヶ島
87%
横浜市 鶴見
86%
真鶴町 真鶴
79%
舞鶴市 東舞鶴
78%
舞鶴市 西舞鶴
78%
名古屋市 鶴舞
72%
町田市 鶴川
69%
横浜市 京急鶴見
65%
大阪市 鶴橋
59%
秦野市 鶴巻温泉
57%
横浜市 鶴見小野
51%
横浜市 鶴見市場
50%
大阪市 鶴見緑地
50%
富士見市 鶴瀬
49%
大和市 鶴間
46%
大分市 鶴崎
45%
鶴田町 陸奥鶴田
43%
会津美里町 新鶴
39%
市川町 鶴居
38%
仙台市 小鶴新田
37%
横浜市 鶴ヶ峰
34%
白山市 鶴来
34%
大阪市 鶴ケ丘
34%
市原市 上総鶴舞
28%
泉佐野市 鶴原
25%
青森市 鶴ケ坂
23%
湧水町 鶴丸
20%
名古屋市 鶴里
18%
大阪市 今福鶴見
18%
さぬき市 鶴羽
18%
鶴田町 鶴泊
17%
七尾市 田鶴浜
15%
能代市 鶴形
13%
多良木町 新鶴羽
13%
No matching quizzes found
Score Distribution
Percent of People with Each Score
Percentile by Number Answered
Your Score History
You have not taken this quiz